Responses for Show #5484 - Thursday, June 12, 2008

Contestants

[<< previous game]

Jay Chaffin, a doctoral student from Chester, Pennsylvania

Ilana Rembelinsky, a teacher from Portland, Oregon

Debbie Barnes, an administrative assistant from New York, New York (whose 1-day cash winnings total $41,201)

[next game >>]

Jeopardy! Round responses

THE BIBLE
TIME FOR A ROUND OF GOLF
EDUCATION
BODILY FLUIDS
(Alex: [Chuckling] I don't know why that struck me as funny.)
TRAVEL FUN
"FE", "FI", "FO" OR "FUM"
    $200 6
Sodom & Gomorrah

Debbie
    $200 26
Eisenhower

Debbie
    $200 11
Dick & Jane

Ilana
    $200 21
perspiration

Ilana
    $200 1
Greece

Jay
    $200 16
(Alex: [*], for ferrum, yes.)

Fe

Ilana
    $400 7
Gabriel

Jay
    $400 27
Pebble Beach

Ilana
    $400 12
phonics

Jay
    $400 22
(Debbie: What is insulin?)
(Ilana: What is gastric acid?)

saliva

DebbieIlana
Triple Stumper
    $400 2
Agra

Ilana
    $400 17
fo

Ilana
    $600 8
(Alex: [*], Shadrach, Meshach and Abednego. You're right.)

3

Jay
    $600 28
Ernie Els

Ilana
    $600 13
Christa McAuliffe

Ilana
    $600 23
plasma

Ilana
    $600 3
(Ilana: What is the Netherlands?)

Belgium

DebbieIlana
    $600 18
fum

Debbie
    $800 9
Saul (or Paul)

Jay
    $800 29
(Jay: What are the U.S. & the U.K.?)

the U.S. & Europe

Jay
Triple Stumper
    $800 14
(Jay: What is a provost?)

the chancellor

Jay
Triple Stumper
    $800 24
amniotic fluid

Debbie
    $800 4
Caracalla

Debbie
    $800 19
Fi

Jay
    $1000 10
New Revised Standard Version

Jay
    $1000 30
(Vijay) Singh

Ilana
    $1000 15
Pell grants

Jay
    $1,500 25
teardrops

Debbie
    $1000 5
(Alex: It's in Kenya, and it was called [*].)

Treetops

Triple Stumper
    $1000 20
(Alex: [*], for Santa [*].)

Fe

Jay

Scores at the first commercial break (after clue 15):

Debbie Ilana Jay
$1,600 $600 $3,600

Scores at the end of the Jeopardy! Round:

Debbie Ilana Jay
$4,300 $3,600 $4,600

Double Jeopardy! Round responses

SPACE SCIENCE
(Alex: And all of the clues are going to be coming from NASA's facility at White Sands, New Mexico.)
YOU DON'T KNOW JACK NICHOLSON
MILITARY MATTERS
I WAS HIS VEEP
THE 50 STATES
BEFORE & AFTER
    $400 14
lunar module

Jay
    $400 11
Andy of Mayberry (or The Andy Griffith Show)

Ilana
    $400 26
(Ilana: What is an M180?)

M16

IlanaJay
    $400 17
(Debbie: Who is Richard Nixon?)

Johnson, Lyndon Baines

DebbieIlana
    $400 1
Tennessee

Ilana
    $400 5
Beauty and the Beast of Burden

Jay
    $800 22
Carl Sagan

Debbie
    $800 12
"Heeere's Johnny!"

Debbie
    $800 27
North Carolina

Debbie
    $800 18
Lincoln

Ilana
    $2,000 2
the Rockies

Ilana
    $800 6
Elton John Roberts

Jay
    $1200 23
docking

Ilana
    $1200 13
Asbury Park

Jay
    $6,000 28
(Alex: Say something, Debbie.)
(Debbie: The United Nations agreements?)

the Geneva Conventions

Debbie
    $1200 19
Lincoln

Ilana
    $1200 3
Connecticut

Jay
    $1200 7
"Amazing Grace Period"

Jay
    $1600 24
Sputnik

Jay
    $1600 15
Schmidt

Ilana
    $1600 29
The Art of War

Debbie
    $1600 20
(Alex: [*] was the president. Ilana, back to you. Hey, you can't get 'em all!)
(Ilana: I can try!)

Woodrow Wilson

Triple Stumper
    $1600 4
(Jay: What is Arkansas?)
(Debbie: What is Wyoming?)

Alabama

DebbieJay
Triple Stumper
    $1600 8
Sixth Sense and Sensibility

Ilana
    $2000 25
hydrogen

Ilana
    $2000 16
(Ilana: What is screenplay?)

director

DebbieIlana
    $2000 30
a rapid deployment force

Ilana
    $2000 21
Teddy Roosevelt

Triple Stumper
    $2000 10
Portsmouth

Ilana
    $2000 9
The Red and the Black Beauty

Ilana

Scores at the end of the Double Jeopardy! Round:

Debbie Ilana Jay
$2,300 $18,800 $10,200

[wagering suggestions for these scores]

Final Jeopardy! Round responses

FUN WITH NUMBERS
DebbieWhat is eleven?
$2,296
JayWhat is a ton?
$10,200
IlanaWhat is one?
$1,601
one

Final scores:

Debbie Ilana Jay
$4 $20,401 $0
2nd place: $2,000 New champion: $20,401 3rd place: $1,000

Game dynamics:

Coryat scores:

Debbie Ilana Jay
$7,800 $17,600 $10,200
12 R
(including 1 DD),
4 W
(including 1 DD)
23 R
(including 1 DD),
4 W
17 R,
3 W

Combined Coryat: $35,600

[game clues] [game scores] [suggest correction]

Game tape date: 2008-02-28
The J! Archive is created by fans, for fans. Scraping, republication, monetization, and malicious use prohibited; this site may use cookies and collect identifying information. See terms. The Jeopardy! game show and all elements thereof, including but not limited to copyright and trademark thereto, are the property of Jeopardy Productions, Inc. and are protected under law. This website is not affiliated with, sponsored by, or operated by Jeopardy Productions, Inc. Join the discussion at JBoard.tv.